[Event "Chess.com Classic Play In"]
[Site "Chess.com INT"]
[Date "2024.05.08"]
[Round "6"]
[White "Kantor, Gergely"]
[Black "Svidler, Peter"]
[Result "0-1"]
[WhiteElo "2527"]
[BlackElo "2689"]
[PlyCount "76"]
[EventDate "2024.05.08"]
[EventType "swiss (rapid)"]
[EventRounds "9"]
[EventCountry "USA"]
[SourceTitle "CB20_2024"]
[SourceDate "2024.05.16"]
[SourceVersion "1"]
[SourceVersionDate "2024.05.16"]
[SourceQuality "1"]

1. e4 c5 2. Nf3 e6 3. d4 cxd4 4. Nxd4 a6 5. c4 Nf6 6. Nc3 Qc7 7. Be2 Bb4 8. Qd3 Nc6 9. 0-0 0-0 10. Bg5 Qe5 11. Nf3 Qa5 12. Bd2 Qc7 13. h3 Be7 14. Rac1 Qb8 15. Rfd1 b6 16. Be3 d6 17. a3 Ra7 18. b4 Rd7 19. Qc2 Bd8 20. Na4 Bc7 21. Bg5 Ne7 22. Bxf6 gxf6 23. Qc3 Kg7 24. Nh2 Ng6 25. Ng4 Bd8 26. c5 dxc5 27. bxc5 b5 28. Nb6 Rxd1+ 29. Rxd1 Be7 30. Nd7 Bxd7 31. Rxd7 h5 32. Ne3 Rc8 33. c6 Qb6 34. c7 Bd6 35. Nf5+ exf5 36. Qb3 Ne5 37. Bxh5 Rxc7 38. Rd8 Rc1+ 0-1

[Event "Chess.com Classic Play In"]
[Site "Chess.com INT"]
[Date "2024.05.08"]
[Round "2"]
[White "Svidler, Peter"]
[Black "Morovic Fernandez, Ivan"]
[Result "1-0"]
[WhiteElo "2689"]
[BlackElo "2495"]
[PlyCount "95"]
[EventDate "2024.05.08"]
[EventType "swiss (rapid)"]
[EventRounds "9"]
[EventCountry "USA"]
[SourceTitle "CB20_2024"]
[SourceDate "2024.05.16"]
[SourceVersion "1"]
[SourceVersionDate "2024.05.16"]
[SourceQuality "1"]

1. e4 e6 2. d4 d5 3. Nc3 Bb4 4. e5 c5 5. a3 Bxc3+ 6. bxc3 Ne7 7. Qg4 cxd4 8. Qxg7 Rg8 9. Qxh7 Qc7 10. Ne2 Nbc6 11. f4 dxc3 12. Qd3 d4 13. Rb1 Bd7 14. Rg1 0-0-0 15. g4 Kb8 16. Rg3 Bc8 17. Bg2 b6 18. a4 Bb7 19. Ba3 Nd5 20. Bd6 Rxd6 21. exd6 Qxd6 22. Nxd4 Qxf4 23. Ne2 Qf6 24. Bxd5 Ne5 25. Qe3 Bxd5 26. Qf4 Qxf4 27. Nxf4 Be4 28. h3 Nf3+ 29. Kf2 Nd2 30. Rc1 Rc8 31. Ne2 Bg6 32. Ke1 Ne4 33. Rf3 Rh8 34. Nf4 Ng5 35. Rxc3 Be4 36. Rd1 e5 37. Nh5 f5 38. Rd7 f4 39. Re7 Rd8 40. Ke2 f3+ 41. Ke3 Rd1 42. Ng3 Bd5 43. Rd3 Rxd3+ 44. cxd3 Nxh3 45. Rxe5 Bc6 46. g5 Bxa4 47. g6 f2 48. Rh5 1-0

[Event "Chess.com Classic Play In"]
[Site "Chess.com INT"]
[Date "2024.05.08"]
[Round "8"]
[White "Svidler, Peter"]
[Black "Sjugirov, Sanan"]
[Result "1/2-1/2"]
[WhiteElo "2689"]
[BlackElo "2692"]
[PlyCount "138"]
[EventDate "2024.05.08"]
[EventType "swiss (rapid)"]
[EventRounds "9"]
[EventCountry "USA"]
[SourceTitle "CB20_2024"]
[SourceDate "2024.05.16"]
[SourceVersion "1"]
[SourceVersionDate "2024.05.16"]
[SourceQuality "1"]

1. e4 e5 2. Nf3 Nc6 3. Bc4 Bc5 4. c3 Nf6 5. d3 d6 6. 0-0 0-0 7. b4 Bb6 8. Nbd2 Ne7 9. d4 exd4 10. cxd4 d5 11. e5 Ne4 12. Bd3 Bf5 13. Nb3 Ng6 14. Be3 f6 15. Rc1 c6 16. b5 cxb5 17. Bxb5 Bg4 18. Be2 Bxf3 19. Bxf3 fxe5 20. Bxe4 dxe4 21. Nc5 Rf7 22. dxe5 Nxe5 23. Nxe4 Bxe3 24. fxe3 Rxf1+ 25. Qxf1 Qb6 26. Qe2 Re8 27. h3 h6 28. Kh1 Qg6 29. Qb5 Re7 30. Qd5+ Kh7 31. Nd6 Nd3 32. Rc8 Nf2+ 33. Kg1 Qe6 34. Qxe6 Rxe6 35. Nxb7 Nd1 36. Nc5 Rxe3 37. Rc7 a5 38. Ra7 Re1+ 39. Kh2 Re2 40. Kg3 Rxa2 41. Ne6 Kg6 42. Kf4 Rf2+ 43. Ke5 Re2+ 44. Kd6 Kf6 45. Nxg7 Rd2+ 46. Kc6 Kg6 47. Ne6 Kf5 48. Nc5 Rxg2 49. Rxa5 Kg6 50. Ne6 Rc2+ 51. Kd6 Rd2+ 52. Ke7 Ne3 53. Nf4+ Kg7 54. Ke6 Rb2 55. Ra7+ Kg8 56. Kf6 Rb6+ 57. Ne6 Nd5+ 58. Ke5 Ne3 59. Rg7+ Kh8 60. Rg3 Rb5+ 61. Ke4 Nf5 62. Rg1 Nd6+ 63. Kd4 Rh5 64. Nf4 Rg5 65. Rxg5 hxg5 66. Ne6 Nf7 67. Nxg5 Nxg5 68. h4 Nf3+ 69. Ke4 Nxh4 1/2-1/2

[Event "Chess.com Classic Play In"]
[Site "Chess.com INT"]
[Date "2024.05.08"]
[Round "5"]
[White "Svidler, Peter"]
[Black "Tari, Aryan"]
[Result "0-1"]
[WhiteElo "2689"]
[BlackElo "2636"]
[PlyCount "70"]
[EventDate "2024.05.08"]
[EventType "swiss (rapid)"]
[EventRounds "9"]
[EventCountry "USA"]
[SourceTitle "CB20_2024"]
[SourceDate "2024.05.16"]
[SourceVersion "1"]
[SourceVersionDate "2024.05.16"]
[SourceQuality "1"]

1. c4 e5 2. g3 c6 3. d4 e4 4. Qa4 d5 5. cxd5 Bd7 6. Nc3 cxd5 7. Qb3 Nc6 8. Be3 Bb4 9. Nh3 Nge7 10. Nf4 a5 11. a4 Qb6 12. Bg2 Bxc3+ 13. Qxc3 Nb4 14. 0-0 Rc8 15. Qb3 0-0 16. Rfc1 Qd6 17. Bd2 b6 18. h3 h6 19. Rc3 Nec6 20. e3 g5 21. Nh5 Qg6 22. g4 f5 23. Ng3 fxg4 24. hxg4 Qf7 25. Nf5 Bxf5 26. gxf5 Qxf5 27. Rf1 Kg7 28. Qd1 g4 29. Rb3 Rf6 30. Qe2 Rcf8 31. Qb5 h5 32. Qxb6 R8f7 33. Qb5 h4 34. Qe2 h3 35. Bh1 g3 0-1

[Event "Chess.com Classic Play In"]
[Site "Chess.com INT"]
[Date "2024.05.08"]
[Round "1"]
[White "Warmerdam, Max"]
[Black "Svidler, Peter"]
[Result "1/2-1/2"]
[WhiteElo "2652"]
[BlackElo "2689"]
[PlyCount "121"]
[EventDate "2024.05.08"]
[EventType "swiss (rapid)"]
[EventRounds "9"]
[EventCountry "USA"]
[SourceTitle "CB20_2024"]
[SourceDate "2024.05.16"]
[SourceVersion "1"]
[SourceVersionDate "2024.05.16"]
[SourceQuality "1"]

1. Nf3 c5 2. c4 Nc6 3. g3 e5 4. Nc3 g6 5. d3 Bg7 6. Bg5 Nge7 7. h4 h6 8. Bxe7 Nxe7 9. h5 g5 10. e4 d6 11. Nh2 0-0 12. Bg2 a6 13. a4 f5 14. exf5 Nxf5 15. 0-0 Kh8 16. Be4 Nd4 17. Kg2 Bd7 18. Ng4 Qe8 19. Ne3 Rb8 20. g4 Ne6 21. f3 Nf4+ 22. Kh1 Bc6 23. Rf2 Qd7 24. b3 Rf7 25. a5 Rbf8 26. Ncd5 Ne6 27. Kg2 Nd4 28. Rb1 Bf6 29. Qd2 Bd8 30. b4 cxb4 31. Qxb4 Bc7 32. Rbf1 Qd8 33. Ra2 Bb8 34. Raf2 Ba7 35. Nb6 Bxb6 36. axb6 Qd7 37. Nd5 Nxf3 38. Kg3 Nh2 39. Bf5 Nxf1+ 40. Rxf1 Qd8 41. Ne3 Kg7 42. Qb2 Qe7 43. Ra1 Rf6 44. Ra5 R8f7 45. Ra1 Kg8 46. Rf1 Bd7 47. Nd5 Qd8 48. Nxf6+ Rxf6 49. Qg2 Bc6 50. Qf2 Kg7 51. Qe3 Bd7 52. Qe4 Qxb6 53. Bxd7 Rxf1 54. Qg6+ Kf8 55. Qxh6+ Ke7 56. Qe6+ Kf8 57. Qe8+ Kg7 58. Qg6+ Kf8 59. Qe8+ Kg7 60. Qg6+ Kf8 61. Qe8+ 1/2-1/2

[Event "Sigeman & Co 29th"]
[Site "Malmo"]
[Date "2024.05.01"]
[Round "5"]
[White "Svidler, Peter"]
[Black "Korobov, Anton"]
[Result "1-0"]
[WhiteElo "2689"]
[BlackElo "2651"]
[PlyCount "71"]
[EventDate "2024.04.27"]
[EventType "tourn"]
[EventRounds "7"]
[EventCountry "SWE"]
[EventCategory "18"]
[SourceTitle "CB19_2024"]
[SourceDate "2024.05.08"]
[SourceVersion "1"]
[SourceVersionDate "2024.05.08"]
[SourceQuality "1"]

1. e4 c5 2. Nf3 d6 3. Nc3 Nf6 4. d4 cxd4 5. Qxd4 Nc6 6. Qe3 e6 7. b3 Be7 8. Bb2 a6 9. 0-0-0 Qc7 10. h3 b5 11. g4 Bb7 12. g5 Nd7 13. Kb1 Nc5 14. Rg1 0-0-0 15. Nd4 b4 16. Nce2 Na7 17. Ng3 Kb8 18. f4 Rhe8 19. Rg2 e5 20. Ndf5 Bf8 21. fxe5 dxe5 22. Rgd2 Rxd2 23. Rxd2 Nb5 24. Bxb5 axb5 25. Qe2 f6 26. Ne3 Rd8 27. Nd5 Qd7 28. Qf1 Qe6 29. gxf6 Nxe4 30. Nxe4 Rxd5 31. Ng5 Qxf6 32. Rf2 Rd1+ 33. Qxd1 Qxf2 34. Qd8+ Ka7 35. Ne6 Qg1+ 36. Bc1 1-0

[Event "Chessable Masters Play In"]
[Site "Chess.com INT"]
[Date "2024.01.31"]
[Round "1"]
[White "Svidler, Peter"]
[Black "Gadimbayli, Abdulla Azar"]
[Result "1-0"]
[WhiteElo "2689"]
[BlackElo "2489"]
[PlyCount "75"]
[EventDate "2024.01.31"]
[EventType "swiss (rapid)"]
[EventRounds "9"]
[EventCountry "USA"]
[SourceTitle "CB06_2024"]
[SourceDate "2024.02.07"]
[SourceVersion "1"]
[SourceVersionDate "2024.02.07"]
[SourceQuality "1"]

1. e4 e6 2. d4 d5 3. Nc3 Bb4 4. e5 c5 5. a3 Bxc3+ 6. bxc3 Ne7 7. Qg4 Qc7 8. Qxg7 Rg8 9. Qxh7 cxd4 10. Ne2 dxc3 11. f4 Nbc6 12. Qd3 d4 13. Rg1 Bd7 14. g4 0-0-0 15. Rb1 Kb8 16. Rg3 Bc8 17. Bg2 Rh8 18. h3 b6 19. a4 Bb7 20. Ba3 Nc8 21. Kf2 a5 22. Qc4 Ka7 23. Rd1 Qd7 24. Nxc3 Nb4 25. Nb5+ Kb8 26. Bxb4 axb4 27. Rxd4 Qe7 28. Bxb7 Qxb7 29. Rgd3 Rxd4 30. Nxd4 Ne7 31. Qxb4 Nd5 32. Qd6+ Ka8 33. Nb5 Qc8 34. Rxd5 exd5 35. Qxd5+ Kb8 36. c4 Rxh3 37. Qxf7 Rh8 38. Qa7# 1-0

[Event "Chessable Masters Play In"]
[Site "Chess.com INT"]
[Date "2024.01.31"]
[Round "8"]
[White "Ter Sahakyan, Samvel"]
[Black "Svidler, Peter"]
[Result "1-0"]
[WhiteElo "2649"]
[BlackElo "2689"]
[PlyCount "119"]
[EventDate "2024.01.31"]
[EventType "swiss (rapid)"]
[EventRounds "9"]
[EventCountry "USA"]
[SourceTitle "CB06_2024"]
[SourceDate "2024.02.07"]
[SourceVersion "1"]
[SourceVersionDate "2024.02.07"]
[SourceQuality "1"]

1. e4 e5 2. Nf3 Nc6 3. Bb5 a6 4. Ba4 Nf6 5. 0-0 Bc5 6. c3 0-0 7. d4 Ba7 8. dxe5 Nxe4 9. Qd5 Nc5 10. Bc2 Ne7 11. Qd1 d5 12. exd6 Qxd6 13. Qxd6 cxd6 14. Na3 Bg4 15. Nd4 Ne6 16. h3 Nxd4 17. hxg4 Nxc2 18. Nxc2 f5 19. Bg5 Rae8 20. Rae1 Nd5 21. gxf5 Rxe1 22. Rxe1 Bxf2+ 23. Kxf2 Rxf5+ 24. Kg1 Rxg5 25. Re8+ Kf7 26. Rb8 b5 27. Ra8 Nf4 28. Ne1 Re5 29. Kf1 Rf5 30. Rxa6 Nd3+ 31. Ke2 Nxb2 32. Rxd6 Rc5 33. Nd3 Rxc3 34. Nxb2 Ra3 35. Rb6 Rxa2 36. Rxb5 Ra7 37. Nd3 Re7+ 38. Kf3 h6 39. Nf4 Ra7 40. g3 Kg8 41. Kg4 Kh7 42. Rd5 Ra4 43. Rd7 Ra6 44. Nh5 Rg6+ 45. Kh4 Kg8 46. g4 Kh7 47. Nf4 Rf6 48. Nh5 Rg6 49. Re7 Kg8 50. Nf4 Rf6 51. Ne6 Rf7 52. Rxf7 Kxf7 53. Nd4 Kf6 54. Kh5 Kf7 55. Nf3 Kf6 56. Nh4 Kf7 57. Ng2 Kf6 58. Ne3 Kf7 59. Nd5 Ke6 60. Kg6 1-0

[Event "Wch Blitz"]
[Site "Samarkand"]
[Date "2023.12.30"]
[Round "19"]
[White "Svidler, Peter"]
[Black "Aravindh, Chithambaram VR"]
[Result "1/2-1/2"]
[WhiteElo "2689"]
[BlackElo "2646"]
[PlyCount "63"]
[EventDate "2023.12.29"]
[EventType "swiss (blitz)"]
[EventRounds "21"]
[EventCountry "UZB"]
[SourceTitle "CB01_2024"]
[SourceDate "2024.01.03"]
[SourceVersion "1"]
[SourceVersionDate "2024.01.03"]
[SourceQuality "1"]

1. c4 Nf6 2. g3 e6 3. Bg2 d5 4. Nf3 Be7 5. 0-0 0-0 6. d3 c6 7. b3 a5 8. Qc2 a4 9. bxa4 Qa5 10. Nc3 dxc4 11. dxc4 e5 12. Rb1 Nbd7 13. Nd2 Qa6 14. Rd1 Nb6 15. Qb3 Nxa4 16. Nxa4 Qxa4 17. Bb2 Qa5 18. Bc3 Qc7 19. a4 Nd7 20. a5 Nc5 21. Qc2 Be6 22. Ne4 Nxe4 23. Qxe4 f6 24. Rd2 Bc5 25. h4 Qc8 26. Qc2 Qc7 27. Qb3 Rf7 28. e3 g6 29. Rdb2 Ra7 30. Bd2 Kg7 31. Qc2 Qd8 32. Bc3 1/2-1/2

[Event "Wch Blitz"]
[Site "Samarkand"]
[Date "2023.12.29"]
[Round "1"]
[White "Svidler, Peter"]
[Black "Kuzubov, Yuriy"]
[Result "1/2-1/2"]
[WhiteElo "2689"]
[BlackElo "2613"]
[PlyCount "36"]
[EventDate "2023.12.29"]
[EventType "swiss (blitz)"]
[EventRounds "21"]
[EventCountry "UZB"]
[SourceTitle "CB01_2024"]
[SourceDate "2024.01.03"]
[SourceVersion "1"]
[SourceVersionDate "2024.01.03"]
[SourceQuality "1"]

1. e4 e6 2. d4 d5 3. Nc3 Bb4 4. e5 Ne7 5. a3 Bxc3+ 6. bxc3 b6 7. Qg4 Ng6 8. h4 h5 9. Qg3 Ba6 10. Bxa6 Nxa6 11. Qd3 Nb8 12. Bg5 Qd7 13. Ne2 c5 14. 0-0 Nc6 15. Ng3 Rc8 16. f4 cxd4 17. cxd4 Ngxe5 18. fxe5 Qe7 1/2-1/2

[Event "Wch Blitz"]
[Site "Samarkand"]
[Date "2023.12.29"]
[Round "9"]
[White "Svidler, Peter"]
[Black "Makarian, Rudik"]
[Result "1-0"]
[WhiteElo "2689"]
[BlackElo "2530"]
[PlyCount "115"]
[EventDate "2023.12.29"]
[EventType "swiss (blitz)"]
[EventRounds "21"]
[EventCountry "UZB"]
[SourceTitle "CB01_2024"]
[SourceDate "2024.01.03"]
[SourceVersion "1"]
[SourceVersionDate "2024.01.03"]
[SourceQuality "1"]

1. e4 c5 2. Nf3 Nc6 3. Bb5 e6 4. 0-0 Nd4 5. Nxd4 cxd4 6. c3 a6 7. Be2 Bc5 8. b4 Ba7 9. c4 Ne7 10. d3 0-0 11. Nd2 b5 12. a4 bxc4 13. dxc4 Bb7 14. b5 f5 15. Bf3 fxe4 16. Nxe4 Kh8 17. Ba3 Rf4 18. Ng5 Bxf3 19. Nxf3 Ng6 20. Bd6 Qf6 21. c5 Rf8 22. b6 Bb8 23. Bxf4 Nxf4 24. g3 Qg6 25. Nxd4 e5 26. Ne2 Nh3+ 27. Kg2 Ng5 28. Ra3 Qc6+ 29. f3 e4 30. Nd4 Qxc5 31. Rb3 Be5 32. b7 Rb8 33. f4 Bxd4 34. fxg5 g6 35. Qe2 Qd5 36. Rbb1 Rxb7 37. Rxb7 Qxb7 38. Qc4 Bg7 39. Qf7 Qc8 40. Qd5 Qe8 41. Rf4 e3 42. Re4 Qc8 43. Rxe3 d6 44. Qe4 Be5 45. Rf3 Kg7 46. Qd5 Qc2+ 47. Rf2 Qc7 48. a5 Qe7 49. Rc2 Qxg5 50. Qb7+ Kh6 51. Qxa6 Bd4 52. Qc4 Qe3 53. a6 Qg1+ 54. Kh3 Qe3 55. Qe2 Qb3 56. Qe4 Be5 57. Qh4+ Kg7 58. Rc7+ 1-0

[Event "Wch Blitz"]
[Site "Samarkand"]
[Date "2023.12.29"]
[Round "7"]
[White "Svidler, Peter"]
[Black "Zhalmakhanov, Ramazan"]
[Result "1-0"]
[WhiteElo "2689"]
[BlackElo "2493"]
[PlyCount "80"]
[EventDate "2023.12.29"]
[EventType "swiss (blitz)"]
[EventRounds "21"]
[EventCountry "UZB"]
[SourceTitle "CB01_2024"]
[SourceDate "2024.01.03"]
[SourceVersion "1"]
[SourceVersionDate "2024.01.03"]
[SourceQuality "1"]

1. e4 c5 2. Nf3 g6 3. c3 d5 4. exd5 Qxd5 5. d4 Bg7 6. Na3 cxd4 7. Nb5 Na6 8. Nbxd4 Nf6 9. Be2 0-0 10. 0-0 Bd7 11. Bf4 Nc5 12. Ne5 Nfe4 13. Nxd7 Qxd7 14. Be3 Rfd8 15. Qc2 Nd6 16. Rad1 a6 17. Bf3 Rac8 18. Rfe1 Qa4 19. Qb1 e5 20. Nc2 e4 21. Be2 Qe8 22. Nb4 Nf5 23. Rxd8 Qxd8 24. Bxc5 Rxc5 25. Qxe4 Qc7 26. Nd3 Rc6 27. Bf3 Rb6 28. g3 Bf8 29. Qe5 Qd8 30. Qe2 Re6 31. Qc2 Rxe1+ 32. Nxe1 b5 33. Nd3 Bg7 34. Be4 Nd6 35. Bd5 Qe7 36. Kg2 h5 37. h4 Qd8 38. Nf4 Qe7 39. Qxg6 Qe5 40. Qxh5 Qe1 1-0

[Event "Wch Blitz"]
[Site "Samarkand"]
[Date "2023.12.29"]
[Round "5"]
[White "Svidler, Peter"]
[Black "Zvjaginsev, Vadim"]
[Result "1/2-1/2"]
[WhiteElo "2689"]
[BlackElo "2567"]
[PlyCount "54"]
[EventDate "2023.12.29"]
[EventType "swiss (blitz)"]
[EventRounds "21"]
[EventCountry "UZB"]
[SourceTitle "CB01_2024"]
[SourceDate "2024.01.03"]
[SourceVersion "1"]
[SourceVersionDate "2024.01.03"]
[SourceQuality "1"]

1. e4 c5 2. Nf3 Nc6 3. Bb5 g6 4. Bxc6 bxc6 5. 0-0 Bg7 6. Re1 Qc7 7. c3 d6 8. h3 Nf6 9. d4 cxd4 10. cxd4 0-0 11. Nc3 c5 12. e5 dxe5 13. dxe5 Rd8 14. Qa4 Nh5 15. Bg5 Bb7 16. Qg4 Qd7 17. e6 fxe6 18. Rad1 Bxf3 19. Qxf3 Bd4 20. Ne4 Rf8 21. Qg4 Qd5 22. Kh1 e5 23. Bxe7 Rf4 24. Qe2 Qf7 25. Bxc5 Rxf2 26. Qxf2 Bxf2 27. Bxf2 Nf6 1/2-1/2

[Event "Amsterdam Levitov Rapid"]
[Site "Amsterdam"]
[Date "2023.09.26"]
[Round "16"]
[White "Gelfand, Boris"]
[Black "Svidler, Peter"]
[Result "1-0"]
[WhiteElo "2655"]
[BlackElo "2689"]
[PlyCount "71"]
[EventDate "2023.09.22"]
[EventType "tourn (rapid)"]
[EventRounds "18"]
[EventCountry "NED"]
[EventCategory "20"]
[SourceTitle "EXT 2024"]
[Source "ChessBase"]
[SourceDate "2023.10.10"]
[SourceVersion "1"]
[SourceVersionDate "2023.10.10"]
[SourceQuality "1"]

1. Nf3 c5 2. c4 Nc6 3. d4 cxd4 4. Nxd4 Nf6 5. Nc3 Qb6 6. Nb3 e6 7. a3 d5 8. Be3 Qd8 9. cxd5 Nxd5 10. Nxd5 exd5 11. g3 Be7 12. Bg2 Bf6 13. 0-0 0-0 14. Qxd5 Bxb2 15. Qxd8 Rxd8 16. Ra2 Be5 17. Nc5 Rb8 18. Rc1 Na5 19. Nd3 Be6 20. Rac2 Bd4 21. Bf4 Nb3 22. Bxb8 Nxc1 23. Bc7 Nxd3 24. Bxd8 Ne1 25. Rd2 Bc3 26. Rd1 Nxg2 27. Kxg2 f6 28. Rd3 Bb2 29. Be7 Kf7 30. Bb4 b6 31. Rd2 Be5 32. Bd6 Ba1 33. Rc2 Bd5+ 34. f3 a6 35. Rc7+ Ke6 36. Bf8 1-0

[Event "Amsterdam Levitov Rapid"]
[Site "Amsterdam"]
[Date "2023.09.25"]
[Round "13"]
[White "Svidler, Peter"]
[Black "Dubov, Daniil"]
[Result "1/2-1/2"]
[WhiteElo "2689"]
[BlackElo "2710"]
[PlyCount "27"]
[EventDate "2023.09.22"]
[EventType "tourn (rapid)"]
[EventRounds "18"]
[EventCountry "NED"]
[EventCategory "20"]
[SourceTitle "EXT 2024"]
[Source "ChessBase"]
[SourceDate "2023.10.10"]
[SourceVersion "1"]
[SourceVersionDate "2023.10.10"]
[SourceQuality "1"]

1. Nf3 Nf6 2. c4 g6 3. g3 Bg7 4. Bg2 0-0 5. 0-0 c5 6. d4 cxd4 7. Nxd4 d5 8. cxd5 Nxd5 9. Nb3 Nb6 10. Nc3 Nc6 11. Bf4 Bf5 12. Qc1 Qc8 13. Bh6 Bh3 14. Bxg7 1/2-1/2

[Event "Amsterdam Levitov Rapid"]
[Site "Amsterdam"]
[Date "2023.09.23"]
[Round "6"]
[White "Kramnik, Vladimir"]
[Black "Svidler, Peter"]
[Result "0-1"]
[WhiteElo "2753"]
[BlackElo "2689"]
[PlyCount "71"]
[EventDate "2023.09.22"]
[EventType "tourn (rapid)"]
[EventRounds "18"]
[EventCountry "NED"]
[EventCategory "20"]
[SourceTitle "EXT 2024"]
[Source "ChessBase"]
[SourceDate "2023.10.10"]
[SourceVersion "1"]
[SourceVersionDate "2023.10.10"]
[SourceQuality "1"]

1. e4 c5 2. Nf3 d6 3. d4 cxd4 4. Nxd4 Nf6 5. Nc3 a6 6. Bc4 e6 7. Be3 Nc6 8. Qe2 Na5 9. Bd3 Qc7 10. 0-0 Be7 11. f4 b5 12. a4 b4 13. Nb1 d5 14. e5 Ne4 15. Bxe4 dxe4 16. Nd2 Bb7 17. f5 Qxe5 18. fxe6 fxe6 19. c3 bxc3 20. bxc3 Bf6 21. Rxf6 gxf6 22. Qg4 Kf7 23. Rf1 Rag8 24. Qh4 Rg6 25. Ne2 Rhg8 26. g3 Nc6 27. Qxh7+ R8g7 28. Qh8 Ne7 29. Nf4 Qxc3 30. Kf2 Nf5 31. Nc4 Qxc4 32. Rd1 Rg8 33. Rd7+ Ke8 34. Qh7 R6g7 35. Rxg7 Rxg7 36. Qh8+ 0-1

[Event "Amsterdam Levitov Rapid"]
[Site "Amsterdam"]
[Date "2023.09.22"]
[Round "4"]
[White "Dubov, Daniil"]
[Black "Svidler, Peter"]
[Result "1/2-1/2"]
[WhiteElo "2710"]
[BlackElo "2689"]
[PlyCount "81"]
[EventDate "2023.09.22"]
[EventType "tourn (rapid)"]
[EventRounds "18"]
[EventCountry "NED"]
[EventCategory "20"]
[SourceTitle "EXT 2024"]
[Source "ChessBase"]
[SourceDate "2023.10.10"]
[SourceVersion "1"]
[SourceVersionDate "2023.10.10"]
[SourceQuality "1"]

1. d4 Nf6 2. c4 g6 3. Nc3 d5 4. cxd5 Nxd5 5. e4 Nxc3 6. bxc3 Bg7 7. Nf3 c5 8. Bb5+ Nc6 9. 0-0 0-0 10. d5 Bxc3 11. Bh6 Nd4 12. Nxd4 Bxd4 13. Bc4 Qd6 14. Bxf8 Kxf8 15. Rb1 b6 16. Kh1 e5 17. dxe6 Bxe6 18. Bxe6 Qxe6 19. Qc2 Re8 20. Rfe1 Qc6 21. a4 a6 22. Qc4 Rxe4 23. Qxa6 c4 24. Qb5 Qxb5 25. axb5 Rf4 26. f3 c3 27. Rec1 Rf5 28. Rb4 Bf6 29. Kg1 Ke7 30. Rd1 Bg5 31. Re4+ Kf8 32. Re2 Rxb5 33. Rc2 Rb3 34. Kf2 b5 35. Ke2 b4 36. Kd3 Ra3 37. Kc4 Be7 38. Rb1 Ra4 39. Kb3 Ra3+ 40. Kc4 Ra4 41. Kb3 1/2-1/2

[Event "World-chT Rapid"]
[Site "Dusseldorf"]
[Date "2023.08.28"]
[Round "11"]
[White "Svidler, Peter"]
[Black "Dubov, Daniil"]
[Result "1-0"]
[WhiteElo "2688"]
[BlackElo "2716"]
[PlyCount "77"]
[EventDate "2023.08.26"]
[EventType "team-swiss (rapid)"]
[EventRounds "12"]
[EventCountry "GER"]
[SourceTitle "CBM 215 Extra"]
[Source "ChessBase"]
[SourceDate "2023.09.30"]
[SourceVersion "1"]
[SourceVersionDate "2023.09.30"]
[SourceQuality "1"]
[WhiteTeam "Chess Pensioners"]
[BlackTeam "Freedom"]
[WhiteTeamCountry "USA"]
[BlackTeamCountry "ROU"]

1. Nf3 d5 2. g3 g6 3. d4 Nf6 4. c4 c6 5. Qa4 dxc4 6. Qxc4 Bg7 7. Bg2 0-0 8. 0-0 b5 9. Qc3 Bf5 10. Rd1 a5 11. Qe1 Bc2 12. Rd2 Bf5 13. Nc3 Ne4 14. Rd1 Nxc3 15. Qxc3 b4 16. Qb3 Nd7 17. Bg5 Qb6 18. Rac1 a4 19. Qe3 Be6 20. a3 Bb3 21. Rd2 bxa3 22. bxa3 Rfe8 23. Bh6 Bf6 24. Qf4 Nf8 25. Ne5 Ne6 26. Nd7 Qd8 27. Nxf6+ exf6 28. Qh4 Rc8 29. Rxc6 Qe7 30. d5 Rxc6 31. dxc6 Qxa3 32. Qxf6 Qc1+ 33. Bf1 Qxc6 34. Bh3 Qc1+ 35. Kg2 Qc6+ 36. f3 Qc7 37. Rd4 Bc2 38. Bxe6 fxe6 39. Rc4 1-0

[Event "FIDE World Cup"]
[Site "Baku"]
[Date "2023.08.09"]
[Round "4.1"]
[White "Svidler, Peter"]
[Black "Abasov, Nijat Azad"]
[Result "1/2-1/2"]
[WhiteElo "2688"]
[BlackElo "2632"]
[PlyCount "74"]
[EventDate "2023.07.30"]
[EventType "k.o."]
[EventRounds "8"]
[EventCountry "AZE"]
[SourceTitle "EXT 2024"]
[Source "ChessBase"]
[SourceDate "2023.10.10"]
[SourceVersion "1"]
[SourceVersionDate "2023.10.10"]
[SourceQuality "1"]

1. c4 e6 2. Nc3 d5 3. d4 Nf6 4. cxd5 exd5 5. Bg5 Be7 6. e3 h6 7. Bh4 Bg4 8. Nf3 Nbd7 9. Bd3 0-0 10. h3 Bxf3 11. Qxf3 Re8 12. g4 c5 13. 0-0 c4 14. Bf5 Nb6 15. Rad1 Ne4 16. Bg3 Nxc3 17. bxc3 Bd6 18. Bc2 Re6 19. e4 dxe4 20. Bxe4 Bxg3 21. fxg3 Qe7 22. Bxb7 Rd8 23. Bc6 Rdd6 24. d5 Re3 25. Qf4 Rf6 26. Qb8+ Kh7 27. Rxf6 Qxf6 28. Qf4 Qxc3 29. d6 Re1+ 30. Rxe1 Qxe1+ 31. Kg2 Qe2+ 32. Kg1 Kg8 33. d7 Nxd7 34. Bxd7 Qd1+ 35. Kf2 Qxd7 36. Qxc4 a5 37. a4 Qd2+ 1/2-1/2